És per a tu, tu decideixes! : prevenció del consum de tabac prevenció del consum de tabac
Publicado:
Barcelona :
Diputació de Barcelona. Àrea de Salut Pública i Consum. Servei de Salut Pública ,
2011
Descripción Física:
1 tríptic ; il. col. ; 21 cm
Materias:
Hàbit de fumar -- Prevenció
MARC
| LEADER | 00000nam a2200000Ia 4500 | ||
|---|---|---|---|
| 001 | 23282 | ||
| 008 | 160829s2011 xx 000 0 cat d | ||
| 080 | |a FU-59-79 | ||
| 245 | |a És per a tu, tu decideixes! : |b prevenció del consum de tabac | ||
| 260 | |a Barcelona : |b Diputació de Barcelona. Àrea de Salut Pública i Consum. Servei de Salut Pública, |c 2011 | ||
| 300 | |a 1 tríptic ; |c il. col. ; |c 21 cm | ||
| 650 | |a Hàbit de fumar |x Prevenció |9 46571 | ||
| 710 | |a Barcelona (Catalunya : Província). |b Servei de Salut Pública |9 52202 | ||
| 901 | |a Arxiu | ||
| 942 | |n 1 | ||
| 952 | |0 0 |1 0 |4 0 |6 FU5979 |7 1 |9 53288 |a Arxiu |b Arxiu |d 2011-10-11 |l 0 |o FU-59-79 |p 23282 |r 2016-12-01 00:00:00 |w 2016-12-01 |y ARXIU | ||
| 999 | |c 57152 |d 57152 | ||